000 00735nam a22002297a 4500
005 20170124110224.0
010 _aA-945754
020 _c400.00
_a8124601119
035 _aA-945754
037 _bCen Lib/Ret
040 _aDPL
_bEN
082 _a534.1
_bDHV
245 _aDhvani :
_cedited by S.C.Malik
_bnature and culture of sound /
260 _aNew Delhi
_bD.K.Printworld
_c1999
270 _a'Sri Kunj', F-52, Bali Nagar
_bNew Delhi
_e110015
300 _aviii,175p. :
_c24cm(Hb)
_bill.
500 _aIncludes bibliographical references
650 _aSound -- Psychological aspects
_940487
650 _aSound -- Physiological effect
_940488
700 _aMalik, S.C.
_98110
942 _2ddc
_cEN
_h534.1
_mDHV
999 _c134347
_d134347